Selekcja i przygotowanie kandydatów na dyrektorów.
Inzerát v novinách: "Príjmeme mladého energického odborníka vyznačujúceho sa potrebnými vlastnosťami" a prijali ho. Nasledoval psychologický test, grafometrické a morfologické skúšky. Rozhovor s riaditeľom. "Škôlky" ako zásobárne mladých ľudí.
Guardado en:
| Autor principal: | |
|---|---|
| Formato: | Capítulo de libro |
| Lenguaje: | polaco |
| Materias: | |
| Etiquetas: |
Sin Etiquetas, Sea el primero en etiquetar este registro!
|
MARC
| LEADER | 00000naa a2200000 4500 | ||
|---|---|---|---|
| 001 | r007520 | ||
| 005 | 20221125122621.7 | ||
| 041 | 0 | |a pol | |
| 044 | |a PL | ||
| 245 | 1 | 0 | |a Selekcja i przygotowanie kandydatów na dyrektorów. |c Z. Zbichorski |
| 520 | |a Inzerát v novinách: "Príjmeme mladého energického odborníka vyznačujúceho sa potrebnými vlastnosťami" a prijali ho. Nasledoval psychologický test, grafometrické a morfologické skúšky. Rozhovor s riaditeľom. "Škôlky" ako zásobárne mladých ľudí. | ||
| 610 | 2 | 0 | |a riaditelia |
| 610 | 2 | 0 | |a príprava odborná |
| 610 | 2 | 0 | |a výber pracovníkov |
| 100 | 1 | |a Zbichorski, Z. | |